00663nam a2200145 a 450000100100000000500170001000800410002704000250006824501340009326000380022730000220026550000300028795201830031799900170050000004628320201002052748.0150715s19uu dr 000 0 spa d aDO-SdBNPbspacBNPHU00aFormación social dominicana desde fines de siglo pasado hasta el balaguerismo, hacia el Movimiento de Trabajadores socialistas. a[Santo Domingo] :b[s.n.,c190?]. a69 p. ; :b22 cm. aTematica del Pre-congreso 0010718PDaPDbPDcHDd2015-07-15iLF1l0o p46283-10r2020-06-25w2020-06-25yLFPDzPerteneció a la biblioteca personal de Chiqui Vicioso / Fidelio Despradel.ZNo se presta c45772d45772